Transportes & comunicación (Registro nro. 5502)

Detalles MARC
000 -CABECERA
Longitud fija campo de control 01220nam a2200361 i 4500
003 - • IDENTIFICADOR DELl NÚMERO DE CONTROL
Identificador del número de control CO-BoRNBP
005 - • FECHA Y HORA DE LA ÚLTIMA TRANSACCIÓN
Fecha y hora de la última transacción 20220317000942.0
007 - • CAMPO FIJO DE DESCRIPCIÓN FÍSICA
Campo fijo de descripción física ta
008 - • CÓDIGOS DE INFORMACIÓN DE LONGITUD FIJA
Códigos de información de longitud fija 300320s20092014sp ao cr 000 0 spa d
020 ## - • NÚMERO INTERNACIONAL NORMALIZADO PARA LIBROS
Número Internacional Normalizado para Libros (ISBN) 9788434225114
040 ## - FUENTE DE LA CATALOGACIÓN
Centro catalogador de origen CO-BoRNBP
Lengua de catalogación spa
Normas de descripción rda
Centro transcriptor CO-BoRNBP
041 0# - • CÓDIGO DE LENGUA
Código de lengua del texto/banda sonora o título independiente spa
082 04 - • NÚMERO DE LA CLASIFICACIÓN DECIMAL DEWEY
Número de clasificación (R) 388
Número del ítem N67t
Número de edición 22
100 1# - • PUNTO DE ACCESO PRINCIPAL-NOMBRE DE PERSONA
Nombre de persona Nos Aguilá, Oriol
Término indicativo de función autor
245 10 - • TITULO PROPIAMENTE DICHO
Título Transportes & comunicación
Mención de responsabilidad, etc. Oriol Nos Aguilá ; editor Jesús Araújo
246 ## - • VARIANTES DE TÍTULO
Título propio / Título en breve Transportes y comunicación
250 ## - • MENCIÓN DE EDICIÓN
Mención de edición Quinta edición
250 ## - • MENCIÓN DE EDICIÓN
Mención de edición Séptima edición
264 #1 - PRODUCCIÓN, PUBLICACIÓN , DISTRIBUCIÓN, FABRICACIÓN Y COPYRIGHT
Lugar de producción, publicación, distribución, fabricación Badalona, España
Nombre del productor, editor, distribuidor, fabricante Parramón
Fecha de de producción, publicación, distribución, fabricación o copyright 2009
-- 2014
300 ## - • DESCRIPCIÓN FÍSICA
Extensión 48 páginas
Otras características físicas ilustraciones, fotografías a color
Dimensiones 28 cm
336 ## - TIPO DE CONTENIDO
Término de tipo de contenido texto
Código de tipo de contenido txt
Fuente rdacontent
337 ## - TIPO DE MEDIO
Nombre del tipo de medio sin mediación
Código del tipo de medio n
Fuente rdamedia
338 ## - TIPO DE SOPORTE
Nombre del tipo de soporte volumen
Código del tipo de soporte nc
Fuente rdacarrier
490 0# - • MENCIÓN DE SERIE
Mención de serie Pequeño Ingeniero
500 ## - • NOTA GENERAL
Nota general Incluye glosario al final del texto
521 ## - • NOTA DE PÚBLICO DESTINATARIO
Nota público destinatario (R ) Recomendado para un público mayor de 12 años
650 17 - • PUNTO DE ACCESO ADICIONAL DE MATERIA - TÉRMINO DE MATERIA
Término de materia o nombre geográfico como elemento inicial Transporte
Subdivisión de materia general Experimentos
Fuente del encabezamiento o término ARMARC
650 17 - • PUNTO DE ACCESO ADICIONAL DE MATERIA - TÉRMINO DE MATERIA
Término de materia o nombre geográfico como elemento inicial Comunicaciones
Subdivisión de materia general Experimentos
Fuente del encabezamiento o término ARMARC
650 17 - • PUNTO DE ACCESO ADICIONAL DE MATERIA - TÉRMINO DE MATERIA
Término de materia o nombre geográfico como elemento inicial Transporte
Subdivisión de materia general Clasificación
Fuente del encabezamiento o término LEMB
650 17 - • PUNTO DE ACCESO ADICIONAL DE MATERIA - TÉRMINO DE MATERIA
Término de materia o nombre geográfico como elemento inicial Comunicación
Subdivisión de materia general Clasificación
Fuente del encabezamiento o término ARMARC
700 1# - • PUNTO DE ACCESO ADICIONAL - NOMBRE DE PERSONA
Nombre de persona Araujo, Jesús
Término indicativo de función editor
942 ## - ENTRADA DE ELEMENTOS AGREGADOS (KOHA)
Fuente de clasificaión o esquema Dewey Decimal Classification
Koha [por defecto] tipo de item LIbro
Existencias
Perdido Fuente de clasificación o esquema Estado Físico No para préstamo Forma de adquisición Localización permanente Localización actual Localización en estanterías Fecha adquisición Préstamos totales Signatura completa Código de barras Fecha última consulta Número de copia Fecha del precio de reemplazo Tipo de item de Koha
  Dewey Decimal Classification     Colección General Biblioteca Pública Mapiripan - Jorge Eliecer Gaitán Biblioteca Pública Mapiripan - Jorge Eliecer Gaitán General 08/14/2025   388 N67t MPJG00513 08/14/2025 Ej.1 08/14/2025 LIbro









Instituto Departamental de Cultura del Meta - Red Departamental de Bibliotecas Públicas del Meta.